[Event "Pardubice op rap 25th"]
[Site "Pardubice"]
[Date "2014.07.17"]
[Round "4"]
[White "Raudive, Aivars"]
[Black "Freisler, Pavel"]
[Result "0-1"]
[WhiteElo "2288"]
[BlackElo "2301"]
[PlyCount "49"]
[EventDate "2014.07.16"]
[EventType "swiss (rapid)"]
[EventRounds "9"]
[EventCountry "CZE"]
[SourceTitle "EXT 2015"]
[Source "ChessBase"]
[SourceDate "2014.11.20"]
[SourceVersion "1"]
[SourceVersionDate "2014.11.20"]
[SourceQuality "1"]

1. e4 Nf6 2. e5 Nd5 3. c4 Nb6 4. d4 d6 5. f4 dxe5 6. fxe5 Nc6 7. Be3 Bf5 8. Nc3 e6 9. Nf3 Qd7 10. Qd2 0-0-0 11. Be2 f6 12. exf6 gxf6 13. 0-0 Rg8 14. Rad1 Qg7 15. Rf2 Bg4 16. b3 Ne5 17. Qb2 Nxf3+ 18. Bxf3 f5 19. Qe2 Bb4 20. Bxg4 fxg4 21. Ne4 Qg6 22. Bg5 Rdf8 23. Rdf1 Nd7 24. c5 Rf5 25. Bh4 0-1

[Event "Olomouc op"]
[Site "Olomouc"]
[Date "2001.08.05"]
[Round "4"]
[White "Raudive, Aivars"]
[Black "Jedynak, Radoslaw"]
[Result "0-1"]
[WhiteElo "2281"]
[BlackElo "2347"]
[PlyCount "58"]
[EventDate "2001.08.02"]
[EventType "swiss"]
[EventRounds "9"]
[EventCountry "CZE"]
[SourceTitle "EXT 2002"]
[Source "ChessBase"]
[SourceDate "2001.11.25"]
[SourceVersion "1"]
[SourceVersionDate "2001.11.25"]
[SourceQuality "1"]

1. e4 e6 2. d4 d5 3. Nc3 Bb4 4. exd5 exd5 5. Qf3 Qe7+ 6. Nge2 Nc6 7. Qd3 Bxc3+ 8. Qxc3 Bf5 9. Bd2 Nf6 10. f3 a5 11. a3 0-0 12. Rc1 Rfe8 13. Kf2 Nd7 14. Nf4 Nb6 15. Bb5 Qf6 16. a4 Bd7 17. Bxc6 Bxc6 18. b3 Nc8 19. Rce1 Nd6 20. Re5 Nf5 21. Rhe1 Rxe5 22. Rxe5 Ne7 23. Kg1 Ng6 24. Nxg6 Qxg6 25. Bf4 h6 26. Re2 b5 27. Bxc7 bxa4 28. bxa4 Bxa4 29. Bxa5 Qa6 0-1

[Event "Olomouc op"]
[Site "Olomouc"]
[Date "2001.08.04"]
[Round "3"]
[White "Gavrilov, Alexei"]
[Black "Raudive, Aivars"]
[Result "0-1"]
[WhiteElo "2438"]
[BlackElo "2281"]
[PlyCount "78"]
[EventDate "2001.08.02"]
[EventType "swiss"]
[EventRounds "9"]
[EventCountry "CZE"]
[SourceTitle "EXT 2002"]
[Source "ChessBase"]
[SourceDate "2001.11.25"]
[SourceVersion "1"]
[SourceVersionDate "2001.11.25"]
[SourceQuality "1"]

1. e4 Nf6 2. e5 Nd5 3. d4 d6 4. c4 Nb6 5. exd6 exd6 6. Be3 Be7 7. Bd3 Nc6 8. Nf3 0-0 9. d5 Nb4 10. Be2 Bf5 11. Nd4 Bxb1 12. Rxb1 Bg5 13. Bxg5 Qxg5 14. 0-0 a5 15. Nb5 Na6 16. Re1 Rfe8 17. Bf1 h5 18. Qb3 Nd7 19. Qa4 Ne5 20. Qd1 Re7 21. g3 Qf6 22. Re3 h4 23. b3 hxg3 24. hxg3 Rae8 25. Bh3 Nc5 26. Kg2 Ned3 27. Qf3 Rxe3 28. Qxf6 gxf6 29. fxe3 Rxe3 30. Nxc7 Ne4 31. Bf5 Ne1+ 32. Kh2 Nf3+ 33. Kg2 Ne1+ 34. Kh2 Re2+ 35. Kh3 Ng5+ 36. Kg4 Ng2 37. Bd3 Rf2 38. Ne8 Ne3+ 39. Kh5 Rh2# 0-1

[Event "Pardubice KB op"]
[Site "Pardubice"]
[Date "2000.07.25"]
[Round "5"]
[White "Raudive, Aivars"]
[Black "Faibisovich, Vadim Z"]
[Result "1/2-1/2"]
[WhiteElo "2310"]
[BlackElo "2415"]
[PlyCount "21"]
[EventDate "2000.07.21"]
[EventType "swiss"]
[EventRounds "9"]
[EventCountry "CZE"]
[SourceTitle "EXT 2001"]
[Source "ChessBase"]
[SourceDate "2000.11.22"]
[SourceVersion "1"]
[SourceVersionDate "2000.11.22"]
[SourceQuality "1"]

1. d4 d5 2. Nf3 Nf6 3. c4 e6 4. Nc3 Be7 5. Bg5 0-0 6. e3 h6 7. Bh4 b6 8. Bxf6 Bxf6 9. cxd5 exd5 10. Rc1 Be6 11. Be2 1/2-1/2

[Event "MK Cafe Cup-B"]
[Site "Koszalin"]
[Date "1999.08.06"]
[Round "4"]
[White "Raudive, Aivars"]
[Black "Kislov, Mikhail"]
[Result "1-0"]
[WhiteElo "2240"]
[BlackElo "2387"]
[PlyCount "61"]
[EventDate "1999.08.03"]
[EventType "swiss"]
[EventRounds "10"]
[EventCountry "POL"]
[SourceTitle "EXT 2000"]
[Source "ChessBase"]
[SourceDate "1999.11.16"]
[SourceVersion "1"]
[SourceVersionDate "1999.11.16"]
[SourceQuality "1"]

1. e4 e5 2. Nf3 Nc6 3. Bc4 Bc5 4. b4 Bxb4 5. c3 Ba5 6. d4 exd4 7. Qb3 Qe7 8. 0-0 Bb6 9. cxd4 Na5 10. Qa4 Nxc4 11. Qxc4 d6 12. a4 a5 13. e5 dxe5 14. Re1 c6 15. Rxe5 Be6 16. d5 0-0-0 17. dxe6 Rd1+ 18. Re1 Rxe1+ 19. Nxe1 Qf6 20. Ra2 fxe6 21. Nc3 Ne7 22. Ne4 Qe5 23. Rd2 Nd5 24. Bb2 Qc7 25. Nf3 Rd8 26. Neg5 Nf4 27. Nxe6 Rxd2 28. Nxd2 Qd6 29. Qxf4 Qxe6 30. Qf8+ Bd8 31. Bxg7 1-0

[Event "Bydgoszcz Bank Pocztowy op"]
[Site "Bydgoszcz"]
[Date "1999.07.20"]
[Round "9"]
[White "Rybak, Tomasz"]
[Black "Raudive, Aivars"]
[Result "0-1"]
[WhiteElo "2163"]
[BlackElo "2240"]
[PlyCount "92"]
[EventDate "1999.07.12"]
[EventType "swiss"]
[EventRounds "10"]
[EventCountry "POL"]
[SourceTitle "EXT 2000"]
[Source "ChessBase"]
[SourceDate "1999.11.16"]
[SourceVersion "1"]
[SourceVersionDate "1999.11.16"]
[SourceQuality "1"]

1. e4 Nf6 2. e5 Nd5 3. d4 d6 4. Nf3 Bg4 5. Be2 e6 6. 0-0 Be7 7. c4 Nb6 8. Nc3 0-0 9. Be3 a6 10. a4 Bxf3 11. gxf3 dxe5 12. dxe5 Nc6 13. f4 f6 14. a5 Nd7 15. Bg4 f5 16. Bf3 Nc5 17. Bxc6 bxc6 18. Rb1 Nd3 19. Qa4 Nb4 20. c5 Rb8 21. Rfd1 Qe8 22. h3 Nd5 23. Rxd5 cxd5 24. Qa3 Qh5 25. Kh2 Qf3 26. Qa4 Bh4 27. Qd4 g5 28. b4 c6 29. Qd1 Qxd1 30. Nxd1 Rb7 31. fxg5 f4 32. Bd2 Rf5 33. Nc3 Bxf2 34. Na4 Bg3+ 35. Kg2 Rxe5 36. Kf3 Re4 37. Nb6 Rd4 38. Rb2 e5 39. b5 cxb5 40. c6 Rc7 41. Rc2 e4+ 42. Kg4 e3 43. Bxe3 fxe3+ 44. Kxg3 Rc4 45. Rxc4 dxc4 46. Nd5 c3 0-1

[Event "Bydgoszcz Bank Pocztowy op"]
[Site "Bydgoszcz"]
[Date "1999.07.19"]
[Round "8"]
[White "Raudive, Aivars"]
[Black "Vinogradov, Pavel"]
[Result "1-0"]
[WhiteElo "2240"]
[BlackElo "2288"]
[PlyCount "55"]
[EventDate "1999.07.12"]
[EventType "swiss"]
[EventRounds "10"]
[EventCountry "POL"]
[SourceTitle "EXT 2000"]
[Source "ChessBase"]
[SourceDate "1999.11.16"]
[SourceVersion "1"]
[SourceVersionDate "1999.11.16"]
[SourceQuality "1"]

1. e4 c5 2. Nf3 e6 3. c4 d6 4. Nc3 Nc6 5. Be2 g6 6. d4 cxd4 7. Nxd4 Nf6 8. Bg5 h6 9. Be3 a6 10. Qd2 Qc7 11. 0-0 Ne5 12. h3 Bg7 13. Rac1 b6 14. f4 Ned7 15. Bf3 Bb7 16. Ndb5 axb5 17. Nxb5 Qb8 18. Nxd6+ Ke7 19. Nxb7 Qxb7 20. e5 Ne4 21. Qb4+ Ke8 22. c5 f5 23. c6 Qa7 24. cxd7+ Qxd7 25. Rfd1 Qe7 26. Qb5+ Kf8 27. Rd7 Ra5 28. Rc8+ 1-0

[Event "Bydgoszcz Bank Pocztowy op"]
[Site "Bydgoszcz"]
[Date "1999.07.13"]
[Round "2"]
[White "Kuzmin, Gennadi P"]
[Black "Raudive, Aivars"]
[Result "1/2-1/2"]
[WhiteElo "2518"]
[BlackElo "2240"]
[PlyCount "92"]
[EventDate "1999.07.12"]
[EventType "swiss"]
[EventRounds "10"]
[EventCountry "POL"]
[SourceTitle "EXT 2000"]
[Source "ChessBase"]
[SourceDate "1999.11.16"]
[SourceVersion "1"]
[SourceVersionDate "1999.11.16"]
[SourceQuality "1"]

1. e4 Nf6 2. e5 Nd5 3. d4 d6 4. Nf3 Bg4 5. Be2 e6 6. 0-0 Be7 7. Nc3 Nxc3 8. bxc3 Nd7 9. Rb1 Rb8 10. Be3 0-0 11. exd6 cxd6 12. d5 Nc5 13. dxe6 Bxe6 14. Nd4 Bxa2 15. Ra1 Bd5 16. Rxa7 Bg5 17. Nf5 Be4 18. Qxd6 Bxe3 19. Qxd8 Bxf2+ 20. Rxf2 Rbxd8 21. Nd4 Ra8 22. Rxa8 Rxa8 23. h3 Kf8 24. Bg4 g6 25. Ne6+ Nxe6 26. Bxe6 f5 27. g4 Ra5 28. gxf5 gxf5 29. Kh2 Ke7 30. Bg8 Kf6 31. Kg3 Ra8 32. Bb3 Ke5 33. Kh4 Ra6 34. Bf7 Rh6+ 35. Bh5 Rc6 36. Bf3 Rxc3 37. Bxe4 Kxe4 38. Re2+ Re3 39. Rd2 h5 40. Rd7 b5 41. Rb7 f4 42. Rxb5 Rc3 43. Rb8 Rc5 44. c4 Kf5 45. Rf8+ Ke4 46. Rd8 Ke3 1/2-1/2

[Event "Swidnica op"]
[Site "Swidnica"]
[Date "1999.07.05"]
[Round "8"]
[White "Richter, Michael"]
[Black "Raudive, Aivars"]
[Result "1-0"]
[WhiteElo "2418"]
[BlackElo "2240"]
[PlyCount "51"]
[EventDate "1999.06.28"]
[EventType "swiss"]
[EventRounds "9"]
[EventCountry "POL"]
[SourceTitle "EXT 2000"]
[Source "ChessBase"]
[SourceDate "1999.11.16"]
[SourceVersion "1"]
[SourceVersionDate "1999.11.16"]
[SourceQuality "1"]

1. d4 Nf6 2. c4 c5 3. d5 e6 4. Nc3 exd5 5. cxd5 Bd6 6. Nf3 0-0 7. Qc2 Re8 8. Bg5 Bc7 9. e3 d6 10. Bd3 h6 11. Bh4 a6 12. 0-0 Nbd7 13. Rad1 Qe7 14. Rfe1 Ba5 15. a4 Nb6 16. e4 Bg4 17. Re3 Rac8 18. Rde1 c4 19. Bf1 Bb4 20. e5 dxe5 21. Nxe5 Bc5 22. Bxf6 gxf6 23. Nxg4 Bxe3 24. Rxe3 Qd6 25. Nxh6+ Kf8 26. Qh7 1-0

[Event "Decin op-A"]
[Site "Decin"]
[Date "1998.??.??"]
[Round "7"]
[White "Raudive, Aivars"]
[Black "Kamenets, Anatolij"]
[Result "0-1"]
[WhiteElo "2265"]
[BlackElo "2305"]
[PlyCount "120"]
[EventDate "1998.08.??"]
[EventType "swiss"]
[EventRounds "10"]
[EventCountry "CZE"]
[SourceTitle "EXT 2000"]
[Source "ChessBase"]
[SourceDate "1999.11.16"]
[SourceVersion "1"]
[SourceVersionDate "1999.11.16"]
[SourceQuality "1"]

1. e4 c5 2. Nf3 Nc6 3. Bb5 g6 4. 0-0 Bg7 5. c3 Nf6 6. Re1 0-0 7. h3 d5 8. e5 Ne8 9. d4 cxd4 10. cxd4 Bd7 11. Nc3 Nc7 12. Bf1 a6 13. Be3 b6 14. Rc1 Qb8 15. Qd2 Qb7 16. Bh6 Rac8 17. h4 Na7 18. h5 Nab5 19. Ne2 Ne6 20. Ra1 Rc7 21. a4 Na7 22. b4 Rfc8 23. Ra2 Rc4 24. Rb1 R8c7 25. Bxg7 Kxg7 26. Ng3 Rc3 27. Bd3 b5 28. a5 Rc8 29. Ne2 R3c7 30. Kh2 Nc6 31. Rab2 Qa7 32. Qe3 Rh8 33. Rc1 Ncd8 34. Rh1 Nf8 35. Bb1 Qb7 36. Ba2 h6 37. Nf4 Be6 38. hxg6 fxg6 39. Nh4 Qc6 40. Nd3 g5 41. Nf3 Qa8 42. Nc5 Ng6 43. Bb1 Qc8 44. Ba2 Bg8 45. Rc1 e6 46. Rbc2 Ne7 47. Qd2 Bh7 48. Rc3 Rf8 49. Kg1 Rc6 50. Nh2 Bf5 51. Bb3 Nb7 52. Rg3 Nxc5 53. bxc5 Kh7 54. Bd1 Rc7 55. Rcc3 Nc6 56. f4 Rg7 57. fxg5 Rfg8 58. Nf3 Nxa5 59. Bc2 Nc4 60. Qc1 Qf8 0-1

[Event "Decin op-A"]
[Site "Decin"]
[Date "1998.??.??"]
[Round "9"]
[White "Raudive, Aivars"]
[Black "Kutuzov, Denis"]
[Result "1-0"]
[WhiteElo "2265"]
[BlackElo "2180"]
[PlyCount "47"]
[EventDate "1998.08.??"]
[EventType "swiss"]
[EventRounds "10"]
[EventCountry "CZE"]
[SourceTitle "EXT 2000"]
[Source "ChessBase"]
[SourceDate "1999.11.16"]
[SourceVersion "1"]
[SourceVersionDate "1999.11.16"]
[SourceQuality "1"]

1. e4 d5 2. exd5 Qxd5 3. Nc3 Qa5 4. Bc4 Nf6 5. d3 Bg4 6. f3 Bf5 7. Bd2 c6 8. Qe2 Qc7 9. g4 Bg6 10. f4 h6 11. 0-0-0 Nbd7 12. f5 Bh7 13. d4 Nb6 14. Bb3 Qd6 15. Nh3 Nbd5 16. Nxd5 Nxd5 17. c4 Nc7 18. Bf4 Qd7 19. d5 cxd5 20. Bxc7 Qxc7 21. Ba4+ Kd8 22. Rxd5+ Kc8 23. Rhd1 a6 24. Qd3 1-0

[Event "Decin op-A"]
[Site "Decin"]
[Date "1998.??.??"]
[Round "3"]
[White "Raudive, Aivars"]
[Black "Sergeev, Vladimir"]
[Result "0-1"]
[WhiteElo "2265"]
[BlackElo "2440"]
[PlyCount "75"]
[EventDate "1998.08.??"]
[EventType "swiss"]
[EventRounds "10"]
[EventCountry "CZE"]
[SourceTitle "EXT 2000"]
[Source "ChessBase"]
[SourceDate "1999.11.16"]
[SourceVersion "1"]
[SourceVersionDate "1999.11.16"]
[SourceQuality "1"]

1. e4 g6 2. d4 Bg7 3. Nf3 c6 4. Nc3 d6 5. Be2 b5 6. 0-0 Nd7 7. d5 b4 8. dxc6 bxc3 9. cxd7+ Bxd7 10. b3 Qa5 11. Bc4 Nf6 12. Re1 Bg4 13. h3 Bxf3 14. Qxf3 0-0 15. a3 Nd7 16. Qd1 Qc7 17. Be3 Ne5 18. Bf1 Nc6 19. Bb5 Rfd8 20. Qd5 Ne5 21. Ba6 Rab8 22. b4 e6 23. Qb3 Rd7 24. Rad1 d5 25. exd5 Rbd8 26. Bg5 f6 27. dxe6 Rxd1 28. e7+ Kh8 29. exd8Q+ Qxd8 30. Rxd1 Qxd1+ 31. Bf1 fxg5 32. Qxc3 h5 33. Qc7 g4 34. hxg4 Nxg4 35. Qxa7 Nxf2 36. Qb8+ Kh7 37. Kxf2 Bd4+ 38. Kg3 0-1

[Event "Pardubice Czech op"]
[Site "Pardubice"]
[Date "1998.??.??"]
[Round "1"]
[White "Raudive, Aivars"]
[Black "Tratar, Marko"]
[Result "1-0"]
[WhiteElo "2265"]
[BlackElo "2420"]
[PlyCount "99"]
[EventDate "1998.07.??"]
[EventType "swiss"]
[EventRounds "9"]
[EventCountry "CZE"]
[SourceTitle "EXT 1999"]
[Source "ChessBase"]
[SourceDate "1998.11.16"]
[SourceVersion "1"]
[SourceVersionDate "1998.11.16"]
[SourceQuality "1"]

1. e4 c5 2. Nf3 d6 3. d4 cxd4 4. Qxd4 a6 5. c4 Nc6 6. Qd2 g6 7. Nc3 Bh6 8. Qc2 Bxc1 9. Rxc1 Bg4 10. Nd2 Nf6 11. h3 Bc8 12. Nd5 Nd7 13. Qc3 0-0 14. Bd3 e6 15. Ne3 Nc5 16. Bb1 a5 17. 0-0 e5 18. f4 exf4 19. Nd5 Ne5 20. Rxf4 Be6 21. Nf6+ Kg7 22. b3 Ncd7 23. Nxd7 Qxd7 24. Nf3 Qc7 25. Kh1 Kg8 26. Nd4 Bd7 27. Qd2 Bc6 28. Rd1 Qe7 29. Bc2 Rfd8 30. a4 Be8 31. Qf2 Nd7 32. Qg3 Kh8 33. Nb5 Nc5 34. Rf2 Bxb5 35. axb5 Qe5 36. Qh4 Kg8 37. Rd5 Qe8 38. Qf6 Qf8 39. Rfd2 Ne6 40. e5 dxe5 41. Qxe5 Re8 42. Qc3 Qb4 43. Qg3 Nc5 44. Rf2 Qe1+ 45. Kh2 Rac8 46. Rdf5 Re7 47. h4 Re3 48. Qg4 h5 49. Rxh5 Qxf2 50. Qxc8+ 1-0

[Event "Pardubice Czech op"]
[Site "Pardubice"]
[Date "1998.??.??"]
[Round "8"]
[White "Raudive, Aivars"]
[Black "Zolnierowicz, Krzysztof"]
[Result "1/2-1/2"]
[WhiteElo "2265"]
[BlackElo "2390"]
[PlyCount "110"]
[EventDate "1998.07.??"]
[EventType "swiss"]
[EventRounds "9"]
[EventCountry "CZE"]
[SourceTitle "EXT 2000"]
[Source "ChessBase"]
[SourceDate "1999.11.16"]
[SourceVersion "1"]
[SourceVersionDate "1999.11.16"]
[SourceQuality "1"]

1. e4 d5 2. exd5 Nf6 3. Bb5+ Bd7 4. Bc4 Bg4 5. f3 Bc8 6. Nc3 Nbd7 7. d4 Nb6 8. Bb3 Nbxd5 9. Nxd5 Nxd5 10. c4 Nf6 11. Be3 e6 12. Ne2 c5 13. dxc5 Qc7 14. Ba4+ Bd7 15. b4 b6 16. Bf4 Qb7 17. Nc3 bxc5 18. Nb5 0-0-0 19. Bc7 Re8 20. Bd6 a6 21. Bxf8 axb5 22. Bxg7 bxa4 23. Bxf6 Rhg8 24. 0-0 Rg6 25. Bc3 e5 26. bxc5 Reg8 27. Rf2 e4 28. Rb1 Qc7 29. Rfb2 Bc6 30. fxe4 Rxg2+ 31. Rxg2 Rxg2+ 32. Kxg2 Bxe4+ 33. Kf1 Qf4+ 34. Kg1 Qe3+ 35. Kf1 Bd3+ 36. Kg2 Qe4+ 37. Kf2 Bxb1 38. Qd4 Qxd4+ 39. Bxd4 Bxa2 40. Ke3 Bxc4 41. Bb2 Kd7 42. Kd4 Bb5 43. Ke5 Kc6 44. Ba3 Bc4 45. h4 Kb5 46. h5 Be6 47. Kf6 Kc4 48. c6 Kd5 49. c7 Kc6 50. Kg7 f5 51. Bc1 Kxc7 52. h6 Kd7 53. Kxh7 f4 54. Kg6 Bc4 55. Bxf4 Bd3+ 1/2-1/2

[Event "Decin op-A"]
[Site "Decin"]
[Date "1998.??.??"]
[Round "10"]
[White "Weglarz, Leszek"]
[Black "Raudive, Aivars"]
[Result "1/2-1/2"]
[WhiteElo "2395"]
[BlackElo "2265"]
[PlyCount "76"]
[EventDate "1998.08.??"]
[EventType "swiss"]
[EventRounds "10"]
[EventCountry "CZE"]
[SourceTitle "EXT 2000"]
[Source "ChessBase"]
[SourceDate "1999.11.16"]
[SourceVersion "1"]
[SourceVersionDate "1999.11.16"]
[SourceQuality "1"]

1. d4 Nf6 2. c4 c5 3. d5 b5 4. cxb5 a6 5. bxa6 g6 6. Nc3 Bxa6 7. e4 Bxf1 8. Kxf1 d6 9. Nf3 Nbd7 10. g3 Bg7 11. Kg2 0-0 12. Re1 Ra7 13. h3 Qa8 14. Re2 Nb6 15. Bg5 h6 16. Bxf6 Bxf6 17. Qd2 Bg7 18. Rc1 Kh7 19. b3 f5 20. e5 dxe5 21. Nxe5 Rd8 22. Kg1 Nxd5 23. Nxd5 Rxd5 24. Qe1 Rxa2 25. Rxa2 Qxa2 26. Nxg6 Qxb3 27. Nf4 Re5 28. Qf1 Qa3 29. Qc4 Re4 30. Qc2 c4 31. Kg2 e6 32. Nxe6 Qb3 33. Nc5 Qxc2 34. Rxc2 Rd4 35. Ne6 Re4 36. Nc5 Rd4 37. Ne6 Re4 38. Nc5 Rd4 1/2-1/2

[Event "MK Cafe Cup-A"]
[Site "Koszalin"]
[Date "1997.08.11"]
[Round "10"]
[White "Sher, Miron Naumovich"]
[Black "Raudive, Aivars"]
[Result "1/2-1/2"]
[WhiteElo "2425"]
[BlackElo "2210"]
[PlyCount "132"]
[EventDate "1997.08.03"]
[EventType "swiss"]
[EventRounds "10"]
[EventCountry "POL"]
[SourceTitle "CBM 059 Extra"]
[Source "ChessBase"]
[SourceDate "1997.09.26"]
[SourceVersion "1"]
[SourceVersionDate "1997.09.26"]
[SourceQuality "1"]

1. c4 c5 2. Nf3 g6 3. d4 Bg7 4. e4 d6 5. d5 b5 6. cxb5 Nf6 7. Nc3 a6 8. bxa6 0-0 9. h3 Nbd7 10. Be2 Bxa6 11. Bxa6 Rxa6 12. 0-0 Qa8 13. Re1 Nb6 14. Qc2 Na4 15. Nxa4 Rxa4 16. a3 Qa6 17. Nd2 Nd7 18. Rb1 c4 19. Re3 Bd4 20. Rg3 Be5 21. b3 cxb3 22. Rgxb3 Rc8 23. Qd1 Kg7 24. Qg4 f5 25. Qf3 Nc5 26. Rb6 Qd3 27. exf5 Qxf5 28. Qxf5 gxf5 29. Nf3 Bf6 30. R6b4 Ra5 31. Rc4 Rca8 32. Nd4 Kg6 33. Nc6 Ra4 34. Rxa4 Rxa4 35. Rb4 Ra6 36. Be3 Rxa3 37. Bxc5 dxc5 38. Rc4 Rd3 39. Rxc5 h5 40. Kf1 h4 41. Ke2 Rb3 42. Rc2 Kg5 43. Nd8 Kf4 44. Nf7 Rb2 45. Rxb2 Bxb2 46. Kd3 Ba3 47. Kc4 Bb2 48. Nd8 Ke4 49. Ne6 Bf6 50. Nc5+ Kf4 51. Kd3 Bb2 52. Ne6+ Ke5 53. Kc4 Bc1 54. Nd4 Ba3 55. Nf3+ Kf6 56. Nxh4 e6 57. dxe6 Kxe6 58. Kd4 Bd6 59. Ke3 Bc5+ 60. Kf3 Kf6 61. g3 Kg5 62. Ng2 Bb6 63. Nf4 Ba7 64. Nd5 Bc5 65. g4 fxg4+ 66. hxg4 Bxf2 1/2-1/2

[Event "MK Cafe Cup-A"]
[Site "Koszalin"]
[Date "1997.08.06"]
[Round "5"]
[White "Raudive, Aivars"]
[Black "Labuckas, Aidas"]
[Result "1/2-1/2"]
[WhiteElo "2210"]
[BlackElo "2430"]
[PlyCount "92"]
[EventDate "1997.08.03"]
[EventType "swiss"]
[EventRounds "10"]
[EventCountry "POL"]
[SourceTitle "CBM 059 Extra"]
[Source "ChessBase"]
[SourceDate "1997.09.26"]
[SourceVersion "1"]
[SourceVersionDate "1997.09.26"]
[SourceQuality "1"]

1. e4 c5 2. Nf3 d6 3. d4 cxd4 4. Qxd4 a6 5. c4 Nc6 6. Qd2 Nf6 7. Nc3 g6 8. b3 Bg7 9. Bb2 0-0 10. Be2 Nd7 11. 0-0 Nc5 12. Rfe1 Qa5 13. Bf1 Bg4 14. Qe3 Rab8 15. h3 Bd7 16. Rab1 e5 17. Rbd1 Qc7 18. Nd5 Qd8 19. b4 Ne6 20. Qb6 Bc8 21. b5 Ncd4 22. Nxd4 exd4 23. a4 Be5 24. Qxd8 Rxd8 25. g3 g5 26. Ne7+ Kf8 27. Nf5 Nc5 28. Bxd4 Bxf5 29. exf5 Bxd4 30. Rxd4 Nxa4 31. f6 Rd7 32. h4 Nc5 33. Bh3 Ne6 34. Bxe6 fxe6 35. Rxe6 gxh4 36. Rexd6 Rxd6 37. Rxd6 hxg3 38. fxg3 a5 39. b6 Kf7 40. c5 Rc8 41. Rd7+ Kxf6 42. Rxb7 Rxc5 43. Rxh7 Rb5 44. Kf2 Kg6 45. Ra7 Rxb6 46. Rxa5 Rb3 1/2-1/2

[Event "MK Cafe Cup-A"]
[Site "Koszalin"]
[Date "1997.08.05"]
[Round "4"]
[White "Szelag, Marcin"]
[Black "Raudive, Aivars"]
[Result "0-1"]
[WhiteElo "2290"]
[BlackElo "2210"]
[PlyCount "84"]
[EventDate "1997.08.03"]
[EventType "swiss"]
[EventRounds "10"]
[EventCountry "POL"]
[SourceTitle "CBM 059 Extra"]
[Source "ChessBase"]
[SourceDate "1997.09.26"]
[SourceVersion "1"]
[SourceVersionDate "1997.09.26"]
[SourceQuality "1"]

1. e4 Nf6 2. e5 Nd5 3. d4 d6 4. Nf3 Bg4 5. Be2 e6 6. 0-0 Be7 7. h3 Bh5 8. c4 Nb6 9. Nc3 0-0 10. Be3 a6 11. b3 d5 12. c5 Nc8 13. b4 Nc6 14. Qd2 f6 15. exf6 Bxf6 16. Ng5 Bxe2 17. Nxe2 Qd7 18. Nf3 N8e7 19. g4 e5 20. dxe5 Bxe5 21. Nfd4 h5 22. f3 Ng6 23. Rf2 Rae8 24. Raf1 Nxd4 25. Bxd4 c6 26. gxh5 Nf4 27. Nxf4 Bxf4 28. Qd3 Qf5 29. Qxf5 Rxf5 30. Rg2 Re7 31. Rg4 Kh7 32. Kf2 Be5 33. Be3 Bf6 34. h6 gxh6 35. Rfg1 Rfe5 36. Rg6 Rxe3 37. Rxf6 Re2+ 38. Kf1 Re1+ 39. Kf2 R7e2+ 40. Kg3 Rxg1+ 41. Kf4 Rg6 42. Rf7+ Rg7 0-1

[Event "Decin op"]
[Site "Decin"]
[Date "1996.??.??"]
[Round "3"]
[White "Aronian, Levon"]
[Black "Raudive, Aivars"]
[Result "1-0"]
[WhiteElo "2390"]
[BlackElo "2365"]
[PlyCount "45"]
[EventDate "1996.??.??"]
[EventType "swiss"]
[EventRounds "9"]
[EventCountry "CZE"]
[SourceTitle "CBM 053 Extra"]
[Source "ChessBase"]
[SourceDate "1996.09.01"]
[SourceVersion "1"]
[SourceVersionDate "1996.09.01"]
[SourceQuality "1"]

1. d4 Nf6 2. Nc3 d5 3. Bg5 e6 4. e4 dxe4 5. Nxe4 Be7 6. Bxf6 Bxf6 7. Nf3 Nd7 8. c3 0-0 9. Bd3 b6 10. Qe2 Bb7 11. 0-0-0 Be7 12. Ne5 c5 13. Bb5 Nxe5 14. dxe5 Qb8 15. Rd7 a6 16. Bd3 Bd8 17. Rd1 Bc6 18. Rd6 Bd5 19. c4 Bb7 20. Nf6+ Bxf6 21. exf6 g6 22. Qe3 Kh8 23. Rd7 1-0

[Event "Pardubice KB op"]
[Site "Pardubice"]
[Date "1996.??.??"]
[Round "2"]
[White "Gyimesi, Zoltan"]
[Black "Raudive, Aivars"]
[Result "1-0"]
[WhiteElo "2480"]
[BlackElo "2365"]
[PlyCount "89"]
[EventDate "1996.07.??"]
[EventType "swiss"]
[EventRounds "9"]
[EventCountry "CZE"]
[SourceTitle "CBM 055 Extra"]
[Source "ChessBase"]
[SourceDate "1997.01.01"]
[SourceVersion "1"]
[SourceVersionDate "1997.01.01"]
[SourceQuality "1"]

1. d4 Nf6 2. c4 c5 3. d5 e6 4. Nc3 exd5 5. cxd5 Bd6 6. g3 0-0 7. Bg2 Bc7 8. Nh3 d6 9. 0-0 a6 10. a4 Re8 11. Qd3 Nbd7 12. f4 Rb8 13. Nf2 Ba5 14. g4 c4 15. Qxc4 Nb6 16. Qd4 Bxc3 17. bxc3 Nxg4 18. e4 Nxf2 19. Rxf2 Qc7 20. Bf1 f6 21. Ba3 Bd7 22. Rg2 Kh8 23. a5 Na4 24. Bb4 Rbc8 25. Re1 Nc5 26. Re3 Nb3 27. Qb6 Qxb6 28. axb6 Nc5 29. Rge2 Bb5 30. Re1 Bxf1 31. Kxf1 Na4 32. e5 dxe5 33. fxe5 Nxb6 34. d6 fxe5 35. Rxe5 Rf8+ 36. Kg2 Nd7 37. Re7 Rcd8 38. R1e4 b6 39. Rc4 a5 40. Ba3 Nc5 41. Bxc5 bxc5 42. d7 Kg8 43. Rxc5 Rf7 44. Re8+ Rf8 45. Rc8 1-0

[Event "Pardubice KB op"]
[Site "Pardubice"]
[Date "1996.??.??"]
[Round "7"]
[White "Khromov, Vladimir V"]
[Black "Raudive, Aivars"]
[Result "1-0"]
[WhiteElo "2240"]
[BlackElo "2365"]
[PlyCount "59"]
[EventDate "1996.07.??"]
[EventType "swiss"]
[EventRounds "9"]
[EventCountry "CZE"]
[SourceTitle "CBM 055 Extra"]
[Source "ChessBase"]
[SourceDate "1997.01.01"]
[SourceVersion "1"]
[SourceVersionDate "1997.01.01"]
[SourceQuality "1"]

1. Nf3 Nf6 2. d4 c5 3. d5 e6 4. c4 exd5 5. cxd5 Bd6 6. Nc3 Bc7 7. e4 d6 8. Bd3 0-0 9. 0-0 a6 10. a4 Nbd7 11. Bg5 Re8 12. Qc2 h6 13. Bh4 Rb8 14. Nd2 Ne5 15. f4 Ng6 16. Bg3 Nh5 17. Rae1 Nxg3 18. hxg3 Nf8 19. Qd1 Nd7 20. Nf3 Ba5 21. e5 b5 22. axb5 axb5 23. e6 Nf6 24. exf7+ Kxf7 25. Ne5+ Kg8 26. Nc6 Rxe1 27. Rxe1 Qb6 28. Nxb8 c4+ 29. Kh1 Ng4 30. Bg6 1-0

[Event "Decin op"]
[Site "Decin"]
[Date "1996.??.??"]
[Round "6"]
[White "Moroz, Alexander"]
[Black "Raudive, Aivars"]
[Result "1-0"]
[WhiteElo "2500"]
[BlackElo "2365"]
[PlyCount "61"]
[EventDate "1996.??.??"]
[EventType "swiss"]
[EventRounds "9"]
[EventCountry "CZE"]
[SourceTitle "CBM 053 Extra"]
[Source "ChessBase"]
[SourceDate "1996.09.01"]
[SourceVersion "1"]
[SourceVersionDate "1996.09.01"]
[SourceQuality "1"]

1. e4 Nf6 2. e5 Nd5 3. d4 d6 4. Nf3 dxe5 5. Nxe5 Nd7 6. Nf3 e6 7. g3 Be7 8. Bg2 0-0 9. 0-0 b5 10. Qe2 Rb8 11. c3 c5 12. a4 a6 13. axb5 axb5 14. dxc5 Bxc5 15. Nbd2 Qb6 16. Ne4 Be7 17. Bg5 Bxg5 18. Nexg5 Bb7 19. Rfd1 h6 20. Ne4 Rfc8 21. Nd4 Ba8 22. Nxb5 Nc5 23. Ned6 Rd8 24. c4 Nf6 25. Rxa8 Rxa8 26. b4 Na6 27. Bxa8 Rxa8 28. Ra1 Rd8 29. c5 Nxc5 30. bxc5 Qxc5 31. Nb7 1-0